Score 0/43 Timer 10:00
0 Plays Today
President Birth Name % Correct
WashingtonGeorge Washington
91.2%
Adams (I)John Adams
91.2%
Adams (II)John Quincy Adams
87.7%
JeffersonThomas Jefferson
86%
MonroeJames Monroe
81.6%
Van BurenMartin Van Buren
79.8%
JacksonAndrew Jackson
78.9%
Harrison (I)William Henry Harrison
77.2%
LincolnAbraham Lincoln
76.3%
TylerJohn Tyler
73.7%
FillmoreMillard Fillmore
72.8%
PierceFranklin Pierce
72.8%
Johnson (I)Andrew Johnson
71.1%
Bush (II)George Walker Bush
71.1%
TaylorZachary Taylor
70.2%
Bush (I)George Herbert Walker Bush
69.3%
Roosevelt (II)Franklin Delano Roosevelt
66.7%
KennedyJohn Fitzgerald Kennedy
64.9%
Harrison (II)Benjamin Harrison
64%
PolkJames Knox Polk
63.2%
TrumanHarry S. Truman
60.5%
TaftWilliam Howard Taft
57.9%
President Birth Name % Correct
Johnson (II)Lyndon Baines Johnson
57.9%
ArthurChester Alan Arthur
56.1%
NixonRichard Milhous Nixon
56.1%
GrantHiram Ulysses Grant
52.6%
ReaganRonald Wilson Reagan
51.8%
HayesRutherford Birchard Hayes
50%
WilsonThomas Woodrow Wilson
50%
ClevelandStephen Grover Cleveland
49.1%
EisenhowerDavid Dwight Eisenhower
47.4%
HardingWarren Gamaliel Harding
45.6%
GarfieldJames Abram Garfield
44.7%
MadisonJames Madison, Jr.
42.1%
CarterJames Earl Carter, Jr.
39.5%
BuchananJames Buchanan, Jr.
38.6%
McKinleyWilliam McKinley, Jr.
36.8%
Roosevelt (I)Theodore Roosevelt, Jr.
36.8%
HooverHerbert Clark Hoover
36%
CoolidgeJohn Calvin Coolidge, Jr.
35.1%
FordLeslie Lynch King, Jr.
35.1%
ObamaBarack Hussein Obama II
34.2%
ClintonWilliam Jefferson Blythe III
32.5%

You're not logged in!

Compare scores with friends on all Sporcle quizzes.
OR
Log In

Sporcle TV

Today on Sporcle TV


Watch our educational content, quiz creation guides, and fun videos on Sporcle TV.

Show Comments

Extras

Top Quizzes Today


Score Distribution

Paid Content

Your Account Isn't Verified!

In order to create a playlist on Sporcle, you need to verify the email address you used during registration. Go to your Sporcle Settings to finish the process.

Report this User

Report this user for behavior that violates our Community Guidelines.

Details: